Artificial intelligence : a modern approach

Gorde:
Xehetasun bibliografikoak
Egile nagusia: Russell, Stuart J.
Formatua: Liburua
Argitaratua: Pearson
Etiketak: Etiketa erantsi
Etiketarik gabe, Izan zaitez lehena erregistro honi etiketa jartzen!

MARC

LEADER 00000nam a2200000Ia 4500
005 20260515061618.0
100 |a Russell, Stuart J. 
020 |a 9789356063570 
942 |c BK 
245 |a Artificial intelligence : a modern approach  
260 |b Pearson 
999 |c 74  |d 74 
952 |0 0  |1 0  |4 0  |7 0  |a ABDN  |b ABDN  |d 2026-05-15  |l 0  |p 000025  |r 2026-05-15 06:16:18  |w 2026-05-15  |y BK